000 00548nam a2200205 a 4500
001 BRCA_6329
005 20190320205420.0
008 100811s1925----gw-#######---#000-0#ger-#
041 _ager
044 _agw
050 4 _aDS793
_b.M7 O75
_c1925
100 1 _aHedin, Sven Anders
_d1865-1952
_915873
245 1 0 _aOssendowski und die Wahrheit
_cSven Hedin.
260 _aLeipzig
_bF. A. Brockhaus
_c1925
300 _a111 p.
_c19cm.
500 _aK16
600 1 4 _aOssendowski, Ferdynand Antoni
_d1878-1945
_915774
902 _aGFM
942 _2lcc
_cB
999 _c6015
_d6015